Agudat Jisrael

Bibliographic Details
Previous Title:Čas bohoslužieb
Corporate Authors: Agudat Jisrael (Košice, Slovensko) (Publisher), WIKO (Košice, Slovensko) (tlač.)
Other Authors: Weinmann, Zoltán (Publishing director)
Format: Journal
Language:Slovak
Hebrew
PhysicalDescription:4 roč. 21 x 31 cm
Published: Košice Organizácia Agudat Jisrael v Košiciach 1946-1949
Subjects:

MARC

LEADER 00000nas a22000001a 4500
001 vtls010300991
003 SK-MaSNL
005 20260228162912.0
008 110810d19461949xo wr p r 0 b0slo
015 |a SNBDS17XX9999 
015 |a 0008  |2 Balúnová 1945-60 
038 |a SNKBUDS 
040 |a SNK  |b slo  |c SNK  |e AACR2 
041 0 |a slo  |a heb 
044 |a xo  |c SK 
080 |a 316.344.8(=411.16)  |2 2001 
245 0 0 |a Agudat Jisrael 
260 |a Košice  |b Organizácia Agudat Jisrael v Košiciach  |c 1946-1949 
300 |a 4 roč.  |c 21 x 31 cm 
310 |a 1x týždenne 
362 0 |a Č. 22 (15.6.1946)-č. 24 (18.3.1949) 
500 |a Vych. v Košiciach týždenne 
500 |a Zodp. red. Zoltán Weinmann 
500 |a Vyd. Organizácia Agudat Jisrael v Košiciach pre svojich členov 
500 |a Tlač. Wiko p. n. s. v Košiciach 
500 |a Vych. od 15. júna 1946; posl. známe č. z 18. marca 1949. V roč. 1946 a 1946/47 priebežné číslovanie, nadväzujúce na predchádzajúci časopis 
505 8 0 |g Roč. 1946 15 č. (č. 22-36) 
505 8 0 |g Roč. 1946/47 48 č. (č. 37-84) po 2-4 s. 
505 8 0 |g Roč. 1947/48 53 č. po 2-4 s. 
505 8 0 |g Roč. 1948/49 24 č. po 2-4 s. 
546 |a Písaný slovensky a hebrejsky 
580 |a Bol pokračovaním židovského časopisu Čas bohoslužieb 
650 0 7 |a náboženstvo  |2 SNKPH  |9 2023 
650 0 7 |a židovstvo  |2 SNKPH  |9 3761 
655 7 |a židovské časopisy  |2 SNKBUDS  |9 271403 
700 1 |a Weinmann, Zoltán  |4 pbd  |9 272455 
710 2 |a Agudat Jisrael (Košice, Slovensko)  |e vydav.  |9 272456 
710 2 |a WIKO (Košice, Slovensko)  |e tlač.  |9 269925 
780 0 0 |t Čas bohoslužieb 
852 |a SNK  |b 10000  |h ČSB 570 
852 |a SVKKK  |b 900000  |h C 974 
999 |c 8531  |d 10461 
952 |0 0  |1 0  |4 0  |7 0  |a SNK  |b SNK  |d 2011-05-25  |i snkXI. 2996/55  |l 0  |o snkČSB 570/5709/1948-1949 D1  |p 17A0699830  |r 2026-02-21 19:57:18  |t č. 1-24, neúplné  |w 2026-02-21  |y PREZ  |z Chýba č. 7, 9, 25-53 
952 |0 0  |1 0  |3 rekatalogizácoa  |4 0  |7 0  |a SNK  |b SNK  |d 2011-05-25  |l 0  |o snkČSB 570/5708/1948 D1  |p 17A0699831  |r 2026-02-21 21:15:53  |t č. 19-53, neúplné  |w 2026-02-21  |y PREZ  |z Chýba č. 22, 24, 30, 31, 37, 39, 40 
952 |0 0  |1 0  |4 0  |7 0  |a SNK  |b SNK  |d 2015-03-30  |i snkXI. 2997/55  |l 0  |o snkČSB 570/5707/1946-1947 D1  |p 17A0844033  |r 2026-02-21 21:15:53  |t č. 39-51, 53-59, 83, neúplné  |w 2026-02-21  |y PREZ  |z Chýba č. 52, 60-82 
952 |0 0  |1 0  |4 0  |7 0  |a SNK  |b SNK  |d 2015-03-30  |i snkXI. 2993/55  |l 0  |o snkČSB 570/5706/1946-1947  |p 17A0713374  |r 2026-02-21 21:15:53  |t č. 36-84, neúplné  |w 2026-02-21  |y PREZ  |z Chýba č. 37, 38, 52, 53, 60-76, 82 
952 |0 0  |1 0  |4 0  |7 0  |a SNK  |b SNK  |d 2015-03-30  |l 0  |o snkČSB 570/5706/1946  |p 17A0713254  |r 2026-02-21 21:15:53  |t č. 22-37, neúplné  |w 2026-02-21  |y PREZ  |z Chýba č. 1-21, 23, 29, 56 
952 |0 0  |1 0  |4 0  |7 0  |a SNK  |b SNK  |d 2015-03-30  |i snk1018/51  |l 0  |o snkČSB 570/5708/1948-1949  |p 17A0713236  |r 2026-02-21 21:16:02  |t č. 1-52, neúplné  |w 2026-02-21  |y PREZ  |z chýba č. 1-18, 24 
952 |0 0  |1 0  |4 0  |7 0  |a SNK  |b SNK  |d 2015-03-30  |l 0  |o snkČSB 570/5709/1948-1949  |p 17A0713253  |r 2026-02-21 21:16:03  |t č. 1-24, neúplné  |w 2026-02-21  |y PREZ  |z Chýba č. 7 
952 |0 0  |1 0  |4 0  |7 0  |a SNK  |b SNK  |d 2015-03-30  |i snkXI. 2995/55  |l 0  |o snkČSB 570/5708/1947-1948  |p 17A0713376  |r 2026-02-21 21:16:03  |t č. 1-53, neúplné  |w 2026-02-21  |y PREZ  |z Chýba č. 4, 5, 8-10, 12, 17-18, 22, 30, 31, 37, 39, 40